The Calculus Lifesaver

Na minha lista:
Detalhes bibliográficos
Autor principal: Banner, Adrian
Formato: Livro
Idioma:inglês
Publicado em: Princeton Princeton University Press 2007
Colecção:A Princeton lifesaver study guide
Assuntos:
Tags: Adicionar Tag
Sem tags, seja o primeiro a adicionar uma tag!

MARC

LEADER 00000nam a2200000 4500
001 0193009
005 20240313133554.2
020 |a 978-0-691-13088-0 
020 |a 0-691-13088-4 
041 0 |a eng 
044 |a US 
245 1 0 |a The Calculus Lifesaver  |c Adrian Banner 
264 1 |a Princeton  |b Princeton University Press  |c 2007 
300 |a 728 s. 
490 1 |a A Princeton lifesaver study guide 
830 0 |a A Princeton lifesaver study guide 
610 2 0 |a matematika aplikovaná 
610 2 0 |a limity 
610 2 0 |a funkcie matematické 
610 2 0 |a optimalizácia 
100 1 |a Banner, Adrian